000 01236nam a22003137a 4500
005 20240530110504.0
008 151001s2013 jo ak g b 000 0 ara d
017 _a2012/10/3790
_bالاردن . المكتبة الوطنية
020 _a9789957544690
040 _aEG-CaGPL
082 0 4 _221
_a953/
_bم ت
100 0 _aمحمد عبدحسين
245 1 0 _aتاريخ العرب و المسلمين بين الحقائق و التزوير :
_bدراسة تحليلية /
_cمحمد عبدحسين
250 _aط1
260 _aعمان :
_bدار الراية للنشر و التوزيع ،
_c2012 .
300 _a206 ص :
_bايض ؛
_c24 سم .
504 _aيشتمل على ارجاعات ببليوجرافية
650 0 4 _aالتاريخ الاسلامى
650 0 4 _aالعالم العربى
_xتاريخ
650 0 4 _aالهجرات السامية
650 0 4 _aفقة الشيعة
650 0 4 _aالوهابية ( دعوة اسلامية )
650 0 4 _aالاسلام
_xدعوات سلفية
650 0 4 _aدولة القرامطة
650 0 4 _aالاوس و الخزرج
650 0 4 _aالامبراطورية العثمانية
650 0 4 _aالثورة الايرانية
942 _2ddc
_cBK
999 _c61537
_d61537